000 00451nam a2200193Ia 4500
005 20240823030653.0
008 240823s9999||||xx |||||||||||||| ||und||
020 _a978-81-8052-147-8
041 _aENGLISH
082 _A547.7 Q0
100 _aAhluwalia V K
245 0 _aAlkaloids
250 _a1st
260 _c2010
_b"Ane Books,New "
_aNew Delhi
500 _aTRANSFERED
650 _aAlkaloids
_bChemistry
942 _cBK
999 _c189249
_d189249